Responses for show #7072 - Tuesday, May 19, 2015

Andrew Haringer game 4.

Contestants

Liz Rapelye, a mother and writer from South Plainsfield, New Jersey

Todd Grabarsky, a lawyer from Los Angeles, California

Andrew Haringer, a college instructor from Squamish, British Columbia, Canada (whose 3-day cash winnings total $45,999)

Jeopardy! Round responses

THE NATO PHONETIC ALPHABET
CHARLIE
OSCAR
WHISKEY
SIERRA
COWS
    $200 27
[The end-of-round signal sounds.]

the Berlin Wall

Andrew
    $200 2
The Incredibles

Andrew
    $200 1
oak

Liz
    $200 15
the Sierra Madres

Andrew
    $200 23
the udder

Andrew
    $400 3
Birdman

Todd
    $400 12
bourbon

Andrew
    $400 16
the Galápagos

Todd
    $400 24
(Alex: Known as [*]. H-E-I.)

a heifer

Triple Stumper
    $600 4
Quebec

Todd
    $600 21
a laser

Andrew
    $600 8
An Inconvenient Truth

Andrew
    $600 13
(Liz: What is New York?)

Pennsylvania

ToddLiz
    $600 17
(Todd: What is Chile?)
(Andrew: What is Peru?)

Argentina

AndrewTodd
Triple Stumper
    $600 25
(Alex: You haven't watched enough Westerns. [*].)

locoweed

Triple Stumper
    $800 5
(Liz: What is unwielding?)

uniform

Liz
Triple Stumper
    $800 7
Afghanistan

Andrew
    $800 9
Raging Bull

Todd
    $800 11
(Todd: Who is Jim Beam?)
(Liz: Who is Johnnie Walker?)
(Andrew: Who is [*]s?)
[Andrew's response was accepted without comment.]

Jack Daniel

AndrewToddLiz
    $800 19
Truth or Consequences

Triple Stumper
    $800 18
Angus

Andrew
    $1000 6
November

Triple Stumper
    $4,800 22
(Alex: And we have a minute to go.)

(Charles) Goodyear

Andrew
    $1000 10
(Liz: Who is Faye Dunaway?)

Jessica Lange

Liz
Triple Stumper
    $1000 14
rye

Andrew
    $1000 20
the Tagus

Triple Stumper
    $1000 26
Hereford

Triple Stumper

Scores at the first commercial break (after clue 15):

Andrew Todd Liz
$4,000 $1,600 -$3,000

Scores at the end of the Jeopardy! Round:

Andrew Todd Liz
$10,000 $1,400 -$3,000

Double Jeopardy! Round responses

A VISIT TO SLEEPY HOLLOW
IT'S A "CUR"IOUS THING
FRENCH HISTORY
ENTERTAINMENT ADVERBS
LITERARY CAST OF CHARACTERS
ETERNAL DAN NATION
(Alex: You have to identify the current country of the Daniel referred to in the clue.)
    $400 23
Carnegie

Todd
    $400 22
a pedicure

Liz
    $400 7
the Hundred Years' War

Andrew
    $400 21
mainly

Liz
    $400 20
(Liz: I don't know.)

The Old Man and the Sea

Liz
Triple Stumper
    $400 24
(Alex: That's right, with less than a minute to go now.)

Ireland

Todd
    $800 26
(Benedict) Arnold

Todd
    $800 8
the Bastille

Liz
    $800 10
strictly

Todd
    $800 17
The Hunchback of Notre Dame

Todd
    $800 19
Canada

Liz
    $1200 28
[The end-of-round signal sounds.]

Rockefeller

Todd
    $1200 9
(Andrew: Who is Chrétien?)

Jacques Chirac

Andrew
Triple Stumper
    $1200 4
dangerously

Todd
    $1200 1
Sense and Sensibility

Liz
    $1200 11
(Andrew: What is Peru?)
...
(Alex: Talking about Hawaii.)

the United States

Andrew
Triple Stumper
    $1600 13
(Leona) Helmsley

Andrew
    $1600 27
scurvy

Andrew
    $1600 14
the Maginot Line

Todd
    $1600 5
faithfully

Liz
    $1600 2
The Color Purple

Liz
    $5,400 12
South Africa

Todd
    $2,400 15
(Todd: I don't know.)

Tarrytown Cemetery

Todd
    $2000 25
Mercury

Liz
    $2000 16
Nantes

Liz
    $2000 6
suddenly

Andrew
    $2000 3
Atonement

Todd
    $2000 18
Israel

Triple Stumper

Scores at the end of the Double Jeopardy! Round:

Andrew Todd Liz
$13,200 $13,600 $7,400

[wagering suggestions for these scores]

Final Jeopardy! Round responses

EUROPEAN CITIES
(Alex: It's a frequent destination for travelers from the United States.)
...
(Alex: [To Andrew] [*] is on the Main River. [*] am Main.)
LizWhat is Zurich?
$1,600
AndrewWhat is Frankfurt?
$13,200
ToddWhat is Amsterdam?
$12,801
Frankfurt

Final scores:

Andrew Todd Liz
$26,400 $799 $5,800
4-day champion: $72,399 3rd place: $1,000 2nd place: $2,000

Game dynamics:

Coryat scores:

Andrew Todd Liz
$9,400 $12,200 $7,400
16 R
(including 1 DD),
3 W
15 R
(including 1 DD),
3 W
(including 1 DD)
10 R,
5 W

Combined Coryat: $29,000

The J! Archive is created by fans, for fans. The Jeopardy! game show and all elements thereof, including but not limited to copyright and trademark thereto, are the property of Jeopardy Productions, Inc. and are protected under law. This website is not affiliated with, sponsored by, or operated by Jeopardy Productions, Inc. Join the discussion at JBoard.tv.